Jogadores de Futebol internacional - Statistics

Estatísticas Gerais
  • Esse quiz foi jogado 226 vezes
  • A pontuação média é 2 de 5
Estatísticas das Respostas
Jogadores Itenacionais % Correto
1 Messi
98%
2 Cristiano Ronaldo
91%
3 Mbape
9%
4 Arrascaeta
2%
5 Soares
2%
Nenhum quiz correspondente encontrado
Distribuição das Pontuações
Porcentagem de Pessoas com Cada Pontuação
Percentil de Números Respondidos
Sua Pontuação Histórica
Você não jogou esse quiz